000 01087nam a22003377a 4500
003 CHAP
005 20220329134322.0
008 971013s1978 r 00010 d
010 _a18661
011 _a19633
035 _a23718
040 _cCHAP
090 _aTesis
100 0 0 _aAlmeida Dominguez, Ruben Antonio.
_94504
245 _a20 líneas de industrialización de fruta
260 _aChapingo, Méx., :
_bEl autor,
_c1978
300 _a105 h.
_b; gráfs
500 _a1c. en bodega
502 _aTesis (Ing. Agrónomo Esp. en Zonas Aridas) -- ENA. Departamento de Zonas Aridas
590 _aALEPH
_b10
_c20130110
_lUCH01
_h1241
590 _aBATCH-UPD
_b10
_c20130110
_lUCH01
_h1932
590 _aBATCH-UPD
_b10
_c20130410
_lUCH01
_h1256
590 _aCONVERSION
_b10
_c20130109
_lUCH01
_h1311
650 1 4 _aFruta
_xIndustria.
_943625
650 1 4 _aFruta
_xProcesado.
_943653
901 _aBK
942 _cFOLL
949 _bBC
_cTES
_d-55086
_eTS1
_i23718
_si
949 _bBC
_cTES
_d33724000667507
_eTS2
_fc.3
_i23718
_si
949 _bBC
_cTES
_d33724000907432
_eTS2
_fc.2
_i23718
_si
999 _c18661
_d18661